A lexicon abridged from Liddell and Scott's Greek-English lexicon :
محفوظ في:
المؤلف الرئيسي:
التنسيق: كتاب
اللغة: Undetermined
منشور في:
Oxford :
Clarendon Press,
1986.
الموضوعات:
الوسوم: إضافة وسم
لا توجد وسوم, كن أول من يضع وسما على هذه التسجيلة!
رقم الطلب: (Ref.) PA445 .E5 L7
| LEADER | 00574nam a2200145Ia 4500 | ||
|---|---|---|---|
| 008 | 220712s9999||||xx |||||||||||||| ||und|| | ||
| 050 | 4 | |a (Ref.) PA445 .E5 L7 | |
| 100 | 1 | |a Liddell, Henry George. | |
| 245 | 1 | 2 | |a A lexicon abridged from Liddell and Scott's Greek-English lexicon : |
| 264 | 1 | |a Oxford : |b Clarendon Press, |c 1986. | |
| 300 | |a 804p. : |b ; |c 19cm. | ||
| 555 | 4 | |o (Ref.) PA445 .E5 L7 | |
| 650 | 4 | |a Greek language Dictionaries English. | |
| 952 | |0 0 |1 0 |2 lcc |4 0 |7 1 |9 41838 |a ARCE |b ARCE |d 2022-07-21 |l 0 |o (Ref.) PA445 .E5 L7 |p 1037175 |r 2022-07-21 00:00:00 |w 2022-07-21 |y BK | ||
| 999 | |c 48817 |d 48817 | ||
